Data analysis from enterprise data warehouse using distributed computing diplomová práca
Enregistré dans:
| Auteur principal: | |
|---|---|
| Collectivité auteur: | |
| Autres auteurs: | |
| Format: | Livre |
| Langue: | anglais |
| Publié: |
Bratislava
2018
|
| Tags: |
Pas de tags, Soyez le premier à ajouter un tag!
|
MARC
| LEADER | 00000nbm a2200000 4500 | ||
|---|---|---|---|
| 001 | 0245235 | ||
| 005 | 20181016145006.7 | ||
| 041 | 0 | |a eng | |
| 044 | |a SK | ||
| 245 | 1 | 0 | |a Data analysis from enterprise data warehouse using distributed computing |b diplomová práca |c Peter Gabaš ; školiteľ: Ján Pittner |
| 264 | 1 | |a Bratislava |c 2018 | |
| 300 | |a 71 s. | ||
| 100 | 1 | |a Gabaš, Peter | |
| 700 | 1 | |a Pittner, Ján | |
| 710 | 2 | |a Fakulta hospodárskej informatiky EU. Katedra aplikovanej informatiky | |